Consumer perception, attitude and factors influencing consumers purchase intention towards non-certified organic food / (Record no. 18280)

MARC details
000 -LEADER
fixed length control field 01142nam a22002777a 4500
001 - CONTROL NUMBER
control field BD-DhSAU 9278
003 - CONTROL NUMBER IDENTIFIER
control field BD-DhSAU
005 - DATE AND TIME OF LATEST TRANSACTION
control field 20260209111958.0
008 - FIXED-LENGTH DATA ELEMENTS--GENERAL INFORMATION
fixed length control field 150613b2018 bg a|||| m||| 00| 0 eng d
040 ## - CATALOGING SOURCE
Original cataloging agency BD-DhSAU
082 ## - DEWEY DECIMAL CLASSIFICATION NUMBER
Edition number 22
Classification number 658.8
Item number F226
100 ## - MAIN ENTRY--PERSONAL NAME
Personal name NOWSHIN, FARIHA
Relator term Registration # 22010024
245 ## - TITLE STATEMENT
Title Consumer perception, attitude and factors influencing consumers purchase intention towards non-certified organic food /
Remainder of title MS thesis
260 ## - PUBLICATION, DISTRIBUTION, ETC. (IMPRINT)
Place of publication, distribution, etc. Sher-e-Bangla Agricultural University :
Name of publisher, distributor, etc. Department of Agribusiness and marketing,
Date of publication, distribution, etc. 2024.
300 ## - PHYSICAL DESCRIPTION
Extent vii, 51p. :
Other physical details ill. ;
Dimensions 30 cm.
500 ## - GENERAL NOTE
General note MS thesis of Department of Agribusiness and marketing, Faculty of Agribusiness , Sher-e-Bangla Agricultural University, Dhaka, Bangladesh
504 ## - BIBLIOGRAPHY, ETC. NOTE
Bibliography, etc Includes bibliographical reference.
590 ## - Name of Cataloguer
Name of Cataloger Nazmul
650 ## - SUBJECT ADDED ENTRY--TOPICAL TERM
Topical term or geographic name as entry element consumer perception,
650 ## - SUBJECT ADDED ENTRY--TOPICAL TERM
Topical term or geographic name as entry element factors influencing consumers purchase
651 ## - SUBJECT ADDED ENTRY--GEOGRAPHIC NAME
Geographic name towards non-certified organic food
700 ## - ADDED ENTRY--PERSONAL NAME
Personal name Associ. Prof. Dr. Sharmin Afrin
Relator term Superviser
700 ## - ADDED ENTRY--PERSONAL NAME
Personal name Prof. Dr. Md. Rashidul Hasan
Relator term Co-superviser
942 ## - ADDED ENTRY ELEMENTS (KOHA)
Source of classification or shelving scheme Dewey Decimal Classification
Koha item type MS Level Thesis
Holdings
Withdrawn status Lost status Source of classification or shelving scheme Damaged status Not for loan Collection code Home library Branch Name Date acquired Total Checkouts Full call number Barcode Date last seen Price effective from Koha item type
    Dewey Decimal Classification   Not For Loan Reference SAU Library SAU Library 09/02/2026   658.8 F226 46148 09/02/2026 09/02/2026 MS Level Thesis